000 00498nam a2200217Ia 4500
001 119023
003 YMCAF
005 20230512163518.0
008 180427s2011 ||||||||||||||||| ||und|d
020 _a9788120342293
024 _a119023
035 _a48730
040 _aYMCAF
_beng
_cIN-KoLT
041 _aeng
082 _a621.395
_bGEJ
100 _aGejji, Vineeta P
245 0 _aAnalog and mixed mode vlsi design
260 _aNew Delhi
_bPHI
_c2011
300 _a138
942 _2ddc
_cBK
999 _c15655
_d15655